| 000 | 00703nam a2200241 a 4500 | ||
|---|---|---|---|
| 001 | BRCA_7557 | ||
| 005 | 20190320205903.0 | ||
| 008 | 060613s1955----enka######---#000-0#eng-# | ||
| 041 | _aeng | ||
| 044 | _aenk | ||
| 050 | 4 |
_aN1070 _b.H46 1955 |
|
| 100 | 1 |
_aHendy, Philip _918642 |
|
| 245 | 1 | 0 |
_aThe National Gallery London _ctext by Philip Hendy. |
| 260 |
_aLondres _bThames and Hudson _c1955 |
||
| 300 |
_a195 p. _bil. a color, 100 láminas _c34 cm. |
||
| 500 | _aIncluye lista alfabética de pintores | ||
| 500 | _aS36 | ||
| 610 | 2 | 4 |
_aNational Gallery (Londres) _914025 |
| 650 | 1 | 4 |
_aPinturas _zLondres _917341 |
| 650 | 1 | 4 |
_aGalerías y museos _zInglaterra _918643 |
| 902 | _aGFM | ||
| 942 |
_2lcc _cB |
||
| 999 |
_c7231 _d7231 |
||